| 000 | | | 04415nac2a22003011x 450 |
| 001 | | | be50a6b0-a1ef-4575-bbd2-2707bfe34919 |
| 005 | | | 20160729183404.0 |
| 100 | ## | $a | 20160615l19201921k y0rusy50 ca |
| 101 | 0# | $a | rus |
| 102 | ## | $a | RU |
| 105 | ## | $a | y z ||||| |
| 122 | 2# | $a | d19201213 |
| | $a | d19211027 |
| 200 | 1# | $a | Постановления и протоколы №№ 80-129 заседаний Высшего совета по перевозкам, бюллетени Народного комиссариата путей сообщения и Центрального комитета союза работников железнодорожного и водного транспорта |
| | $j | 13 декабря 1920 - 27 октября 1921 |
| 215 | ## | $a | 314 листов |
| 251 | ## | $c | Дело |
| 300 | ## | $a | На папке дела: 13 декабря 1921 г. - 27 октября 1921 г. |
| 300 | ## | $a | Часть текста рукописная и машинописная, часть - напечатана типографским способом |
| 324 | ## | $a | В деле имеются копии отдельных документов |
| 330 | ## | $a | Входит в раздел описи: II. Канцелярия. 2. Общее делопроизводство |
| 461 | #0 | $1 | 001ad6baeac-e292-4829-90d1-2f4f65796a62 |
| | $1 | 2001 |
| | $a | СОВЕТ НАРОДНЫХ КОМИССАРОВ РСФСР (СНК РСФСР) |
| | $1 | 251 |
| | $c | Фонд |
| | $1 | 852 |
| | $j | 130 |
| | $g | Р |
| 462 | #0 | $1 | 001749580a7-5abb-40c4-a39c-e540631a040a |
| | $1 | 2001 |
| | $a | 1921 г. |
| | $v | Д. 640а |
| | $1 | 251 |
| | $c | Опись |
| | $1 | 852 |
| | $j | 5 |
| 601 | 01 | $3 | RU\NLR\AUTH\661074810 |
| | $a | РСФСР |
| | $b | Совет Народных Комиссаров |
| 601 | 01 | $3 | RU\NLR\AUTH\8810004615 |
| | $a | РСФСР |
| | $b | Высший совет по перевозкам |
| 601 | 02 | $a | РСФСР. Народный комиссариат путей сообщения |
| 601 | 02 | $3 | RU\NLR\AUTH\889967781 |
| | $a | Союз работников ж.-д. и водного транспорта РСФСР |
| | $b | ЦК |
| 801 | #0 | $a | RU |
| | $b | GA_RF |
| 801 | #1 | $a | RU |
| | $b | НПО Опыт |
| | $c | 20160615 |
| | $2 | rusmarc |
| 801 | #2 | $a | RU |
| | $b | ПБ им. Б.Н. Ельцина |
| | $c | 20160729 |
| | $g | RCR |
| | $2 | rusmarc |
| 852 | ## | $a | ГА РФ |
| | $j | 640 |
| | $l | а |
| 937 | ## | $d | 79844125 |
| | $h | ПБ |
| 035 | ## | $a | RuPRLIB51039241 |